| 000 | 00593nam a2200217 a 4500 | ||
|---|---|---|---|
| 001 | BRCA_7779 | ||
| 005 | 20190320210005.0 | ||
| 008 | 300913s1948----enka######---#000-0#eng-# | ||
| 041 | _aeng | ||
| 044 | _aenk | ||
| 050 | 4 |
_aTP857 _b.A54 1948 |
|
| 100 | 1 |
_aAngus-Butterworth, Lionel Milner _919262 |
|
| 245 | 1 | 0 |
_aThe manufacture of glass _cby L. M. Angus-Butterworth. |
| 260 |
_aLondres _bPitman _c1948 |
||
| 300 |
_axii, 274 p. _bil. _c22 cm. |
||
| 500 | _aX21 | ||
| 650 | 1 | 4 |
_aVidrio _vManufactura _919263 |
| 650 | 1 | 4 |
_aVidrio _vIndustria y comercio _919264 |
| 902 | _aGFM | ||
| 942 |
_2lcc _cB |
||
| 999 |
_c7453 _d7453 |
||